00568nam a2200181 a 45000010010000000030011000100080041000210350026000620820015000881000022001032450059001252600053001846500011002379420012002489520091002609980020003519990015003710000-8732ELIB.Books110520 2008  a(ELIB.Books)0000-8878 aB.Th bLay aLay Laye Paw, Naw aTheological Reflection on Jewish Pesah And Karen Bwatt bInsein: Karen Baptist Theolgical Seminary c2008 aThesis 2ddccBK 00102ddc4070aKBTSbKBTSd2011-05-20l0p30321r2022-01-22 00:00:00w2022-01-22yBK cbate2011-05-20 c8732d8732